| 000 | 00617nam a2200205 a 4500 | ||
|---|---|---|---|
| 005 | 20240203063630.0 | ||
| 008 | 991125n 000 0 spa u | ||
| 035 | _aUPN01000069384 | ||
| 100 | 1 |
_aMendoza Rojas, Javier _929304 |
|
| 222 | _aREVISTA DE LA EDUCACION SUPERIOR | ||
| 245 | _aContexto de la evaluación de la educación superior en América Latina | ||
| 300 | _a7-16 | ||
| 362 | 0 | _a1993 Vol. 22, no. 4(88), oct.-dic. | |
| 653 | 0 | _aAMERICA LATINA | |
| 653 | 0 | _aCRITERIOS DE EVALUACION | |
| 653 | 0 | _aEDUCACION SUPERIOR | |
| 653 | 0 | _aESTUDIOS DE POSGRADO | |
| 904 |
_aAC _b007195 |
||
| 905 | _aArticulo | ||
| 999 |
_c64960 _d64960 |
||